000 00452nab a2200145Ia 4500
003 ES-SlBCS
005 20210601124326.0
008 140529s1995 xxu||||| |||| 00| 0 eng d
041 _aeng
100 1 _aKaplan, Andrew
_9139702
245 0 0 _aConversing About Character: New foundations for General Education
_c Andrew Kaplan
650 0 4 _aCarácter
_994917
773 0 _tEducational Theory
_gvol. 45, nº. 3, 1995, págs. 359-378
_wRev1399
942 _cAR
999 _c512966
_d512966